000 01086cam a22002771 4500
001 e 58000028
003 DLC
005 20260227111236.0
008 771104s1958 xx 000 0 eng
010 _ae 58000028
035 _a(OCoLC)3394922
040 _aDLC
_cNjJS
_dNjJS
_dDLC
042 _apremarc
050 0 0 _aL111
_b.A6 1958, no. 15
051 _aF199
_b.W7 1958
082 _a917.53
100 1 _aWillcockson, Mary
245 1 0 _aKnow your Capital City.
_cFirst ed. by Mary Willcockson, brought up to date by Juanita Winn.
260 _a[Washington]
_bU.S. Dept. of Health, Education and Welfare, Office of Education
_c[1958]
300 _avi, 49 p.
_billus.
_c24 cm.
410 1 0 _aUnited States.
_bOffice of Education.
_tBulletin 1958,
_vno. 15
501 _aCopies 1 and 2 of L111.A6 with: Organizing districts for better schools / Charles Ocelus Fitzwater. Washington : Govt. Print. Off., 1958. Bound together subsequent to publication.
_5DLC
504 _aBibliography: p. 45-46.
651 0 _aWashington (D.C.)
_xDescription and travel.
700 1 _aWinn, Juanita
999 _c22295
_d22295